| 000 | 00924nam a22002297a 4500 | ||
|---|---|---|---|
| 005 | 20250904153353.0 | ||
| 010 | _aB-762907-924 ENG- 146742 BACEN25 | ||
| 020 |
_c400.00 _a9788119273737 |
||
| 035 | _aB-762907-924 | ||
| 035 | _aEN-130274 | ||
| 037 | _bSadhana & Sons | ||
| 037 |
_bDBAD _aDPL |
||
| 082 |
_a238.33 _21 |
||
| 100 |
_aKamla Singh _984827 |
||
| 245 |
_aSwami Dayananda Saraswati/ _cby Kamla Singh |
||
| 250 | _a1 | ||
| 260 |
_bSadhana & Sons _aDelhi _c2024 |
||
| 270 |
_al-20/13, Ist Floor, Street No. 5, Shivaji Marg, Kartar Nagar, _bdelhi _e110053 _msadhanasons11@gmail.com |
||
| 300 |
_a128p. _c22cm(hb) |
||
| 942 |
_2ddc _cEN _h238.33 _mKAM |
||
| 999 |
_c209472 _d209472 |
||